000 00514nam a22001697a 4500
005 20250122172015.0
008 250122b |||||||| |||| 00| 0 eng d
020 _a978-81-8478-014-7
050 _aHF5686
_b.C8 KIS
100 _aKishore Ravi M.
245 _aTaxmann's Cost Management
_cRavi M. Kishore
250 _a4th Ed.
260 _aNew Delhi
_bTaxmann Allied Services (P.) Ltd.
_c2008
300 _a(various paging.) 1421p.
_bill.
_c24 cm x 17 cm
650 _2Cost Management
942 _2lcc
_cBK
_e4th Ed.
_n0
999 _c2838
_d2838